000 01116nam a2200301 i 4500
001 000026339
003 DO-SdBNP
005 20250203135224.0
007 ta
008 110314s1990 dr r 000 0 spa d
040 _aDO-SdBNP
_bspa
_cBNPHU
_erda
041 _aspa
082 4 _a016.61
_bC357c
_222
245 0 0 _aCatálogo colectivo de publicaciones periódicas en biomedicina /
_ceditores, Manuel Roa Santana, Lucero Arboleda de Roa.
250 _aSegunda edición
264 4 _aSanto Domingo :
_bAsociación Dominicana de Rectores de Universidades (ADRU) ;
_bAsociación de Biliotecas Universitarias Dominicanas (ABUD),
_c©1990.
300 _a245 páginas ;
_c24 cm.
336 _atexto
_btxt
_2rdacontent
337 _asin mediación
_bn
_2rdamedia
338 _avolumen
_bnc
_2rdacarrier
590 _aInventariado, 2019/BT
650 4 _aCatálogos colectivos de revistas
_986916
650 4 _aRevistas
_986917
_xCatálogos
700 1 _aRoa Santana, Manuel,
_953369
_eeditor
_4ed.
700 1 _aArboleda de Roa, Lucero
_931310
_eeditora
910 _aValidado. Control de Calidad/MAA
942 _2ddc
_cLBS1
999 _c25831
_d25831